[Event "Bundesliga 9900"]
[Site "Deutschland"]
[Date "1999.10.09"]
[Round "1.5"]
[White "Holzke, Frank"]
[Black "Pezerovic, Edin"]
[Result "1-0"]
[WhiteElo "2448"]
[BlackElo "2447"]
[PlyCount "119"]
[EventDate "1999.10.09"]
[EventType "team"]
[EventRounds "15"]
[EventCountry "GER"]
[SourceTitle "Bundesliga 9900"]
[Source "DeepChess"]
[SourceDate "2005.01.01"]
[SourceVersion "1"]
[SourceVersionDate "2005.01.01"]
[SourceQuality "1"]
[WhiteTeam "SV Wattenscheid 1930"]
[BlackTeam "TV Tegernsee"]
[WhiteTeamCountry "GER"]
[BlackTeamCountry "GER"]

1. e4 c6 2. d4 d5 3. exd5 cxd5 4. c4 Nf6 5. Nc3 e6 6. Nf3 Be7 7. cxd5 exd5 8.
Bd3 Nc6 9. h3 O-O 10. O-O h6 11. Bf4 Bd6 12. Qd2 Bxf4 13. Qxf4 Be6 14. Ne5 Rc8
15. Rac1 Qa5 16. a3 Qb6 17. Nxc6 Rxc6 18. Rc2 Rfc8 19. Rfc1 Qd8 20. Qg3 Nh5 21.
Qe5 Qg5 22. Ne2 Rxc2 23. Rxc2 Rxc2 24. Bxc2 g6 25. g4 Ng7 26. Nf4 Qxe5 27. dxe5
g5 28. Ne2 f6 29. exf6 Ne8 30. Nd4 Kf7 31. f3 Kxf6 32. Kf2 Nd6 33. f4 gxf4 34.
Kf3 Bf7 35. Kxf4 Nc4 36. b3 Ne5 37. h4 Nc6 38. Nf5 Bg6 39. g5+ hxg5+ 40. hxg5+
Ke6 41. b4 a6 42. Ng7+ Kf7 43. Bxg6+ Kxg7 44. Bf5 b6 45. Bd3 b5 46. Bf5 d4 47.
Be4 Nd8 48. Ke5 Nf7+ 49. Kxd4 Nxg5 50. Bb7 Kf6 51. Kc5 Ne6+ 52. Kb6 Ke5 53.
Bxa6 Kd4 54. Bxb5 Kc3 55. Bd7 Nd4 56. a4 Kxb4 57. a5 Nb3 58. a6 Nc5 59. a7
Nxd7+ 60. Kc7 1-0

[Event "Bundesliga 9900"]
[Site "Deutschland"]
[Date "1999.10.09"]
[Round "1.6"]
[White "Kachiani Gersinska, Ketino"]
[Black "Ellers, Holger"]
[Result "1/2-1/2"]
[WhiteElo "2427"]
[BlackElo "2426"]
[PlyCount "104"]
[EventDate "1999.10.09"]
[EventType "team"]
[EventRounds "15"]
[EventCountry "GER"]
[SourceTitle "Bundesliga 9900"]
[Source "DeepChess"]
[SourceDate "2005.01.01"]
[SourceVersion "1"]
[SourceVersionDate "2005.01.01"]
[SourceQuality "1"]
[WhiteTeam "TV Tegernsee"]
[BlackTeam "SV Wattenscheid 1930"]
[WhiteTeamCountry "GER"]
[BlackTeamCountry "GER"]

1. d4 Nf6 2. c4 c5 3. d5 b5 4. Nf3 g6 5. Qc2 b4 6. e4 d6 7. h3 Bg7 8. Bd3 O-O
9. Be3 a5 10. O-O e5 11. dxe6 Bxe6 12. e5 dxe5 13. Nxe5 Nbd7 14. Nxd7 Nxd7 15.
Nd2 Ne5 16. Be4 Rc8 17. f4 Nc6 18. Nf3 Qf6 19. Bxc6 Rxc6 20. Ne5 Rc7 21. Rad1
Qh4 22. b3 Bxh3 23. Qf2 Qxf2+ 24. Kxf2 Be6 25. Nd3 Rfc8 26. Ne5 Bf8 27. Rd2 Be7
28. Rfd1 f6 29. Nf3 Kf7 30. g3 a4 31. Rh1 h5 32. Re1 Ra8 33. Nh4 Bg4 34. f5 g5
35. Ng6 Bxf5 36. Nxe7 Rxe7 37. Bxc5 Rxe1 38. Kxe1 axb3 39. axb3 Rc8 40. Bxb4
Rb8 41. Bd6 Rxb3 42. c5 Be4 43. Re2 f5 44. Ra2 Ke6 45. Ra7 Bb7 46. Ra2 f4 47.
Re2+ Kf6 48. gxf4 g4 49. f5 Kxf5 50. Re5+ Kg6 51. Re6+ Kf5 52. Re5+ Kg6 1/2-1/2

[Event "Bundesliga 9900"]
[Site "Deutschland"]
[Date "1999.10.09"]
[Round "1.7"]
[White "Sandkamp, Ralph"]
[Black "Klundt, Klaus"]
[Result "1/2-1/2"]
[WhiteElo "2318"]
[BlackElo "2407"]
[PlyCount "66"]
[EventDate "1999.10.09"]
[EventType "team"]
[EventRounds "15"]
[EventCountry "GER"]
[SourceTitle "Bundesliga 9900"]
[Source "DeepChess"]
[SourceDate "2005.01.01"]
[SourceVersion "1"]
[SourceVersionDate "2005.01.01"]
[SourceQuality "1"]
[WhiteTeam "SV Wattenscheid 1930"]
[BlackTeam "TV Tegernsee"]
[WhiteTeamCountry "GER"]
[BlackTeamCountry "GER"]

1. Nf3 Nf6 2. g3 g6 3. Bg2 Bg7 4. O-O O-O 5. d4 d6 6. b3 c5 7. c4 Nc6 8. Bb2
Bd7 9. Nc3 cxd4 10. Nxd4 Nxd4 11. Qxd4 Bc6 12. Nd5 Bxd5 13. Bxd5 Nh5 14. Qd2
Bxb2 15. Qxb2 Rb8 16. Rfd1 Qc7 17. Rac1 Nf6 18. Bg2 Rfd8 19. Rd2 a5 20. Bh3 Qc5
21. e3 b5 22. cxb5 Qxb5 23. Rc7 Rb7 24. Rxb7 Qxb7 25. Rd4 Qb6 26. Qc3 Ra8 27.
Bg2 Ra7 28. Bf1 Rc7 29. Rc4 Rxc4 30. Qxc4 Qb4 31. Qxb4 axb4 32. Bg2 Nd7 33. Kf1
Nc5 1/2-1/2

[Event "Bundesliga 9900"]
[Site "Deutschland"]
[Date "1999.10.09"]
[Round "1.8"]
[White "Bromberger, Stefan"]
[Black "Straeter, Timo"]
[Result "1-0"]
[WhiteElo "2279"]
[BlackElo "2316"]
[PlyCount "67"]
[EventDate "1999.10.09"]
[EventType "team"]
[EventRounds "15"]
[EventCountry "GER"]
[SourceTitle "Bundesliga 9900"]
[Source "DeepChess"]
[SourceDate "2005.01.01"]
[SourceVersion "1"]
[SourceVersionDate "2005.01.01"]
[SourceQuality "1"]
[WhiteTeam "TV Tegernsee"]
[BlackTeam "SV Wattenscheid 1930"]
[WhiteTeamCountry "GER"]
[BlackTeamCountry "GER"]

1. d4 e6 2. c4 f5 3. g3 Nf6 4. Bg2 c6 5. Nf3 d5 6. O-O Bd6 7. Bf4 Bxf4 8. gxf4
O-O 9. e3 b6 10. Ne5 Bb7 11. Qa4 a5 12. Nd2 Na6 13. Rac1 c5 14. Nb3 cxd4 15.
Nxd4 Nc5 16. Qa3 Rc8 17. Rfd1 Qe7 18. Nb5 Nfe4 19. Bxe4 fxe4 20. cxd5 exd5 21.
Kh1 Rcd8 22. Rg1 Qf6 23. Rg2 Nd3 24. Rc7 Nc5 25. Rgxg7+ Qxg7 26. Rxg7+ Kxg7 27.
Qc3 Kg8 28. Ng4 d4 29. Nxd4 h5 30. Nf5 Ne6 31. Ne7+ Kh7 32. Nf6+ Kh6 33. Qe5
Kg7 34. Nfg8+ 1-0

[Event "Bundesliga 9900"]
[Site "Deutschland"]
[Date "1999.10.10"]
[Round "2.2"]
[White "Bunzmann, Dimitrij"]
[Black "Hodgson, Julian M"]
[Result "0-1"]
[WhiteElo "2596"]
[BlackElo "2605"]
[PlyCount "68"]
[EventDate "1999.10.09"]
[EventType "team"]
[EventRounds "15"]
[EventCountry "GER"]
[SourceTitle "Bundesliga 9900"]
[Source "DeepChess"]
[SourceDate "2005.01.01"]
[SourceVersion "1"]
[SourceVersionDate "2005.01.01"]
[SourceQuality "1"]
[WhiteTeam "SF Neukoelln 03 e.V."]
[BlackTeam "Delmenhorster SK 1931"]
[WhiteTeamCountry "GER"]
[BlackTeamCountry "GER"]

1. c4 e5 2. g3 Nf6 3. Bg2 Nc6 4. Nc3 Bc5 5. e3 d5 6. cxd5 Nb4 7. d4 exd4 8.
exd4 Be7 9. Nge2 O-O 10. O-O Nbxd5 11. Qb3 c6 12. Bg5 h6 13. Bxf6 Nxf6 14. d5
c5 15. Rad1 Bd6 16. Nb5 a6 17. Nxd6 Qxd6 18. a4 b5 19. Nc3 Bd7 20. Qc2 Rfe8 21.
axb5 axb5 22. Ra1 Rxa1 23. Rxa1 Qe5 24. Rd1 b4 25. Na2 Qe2 26. Qc1 Ne4 27. Rf1
Nd2 28. Qxc5 Nxf1 29. Bxf1 Qe1 30. Qxb4 Bh3 31. Qc4 Ra8 32. Nc1 Qxf1+ 33. Qxf1
Bxf1 34. Kxf1 Ra1 0-1

[Event "Bundesliga 9900"]
[Site "Deutschland"]
[Date "1999.10.10"]
[Round "2.3"]
[White "Conquest, Stuart"]
[Black "Stohl, Igor"]
[Result "1/2-1/2"]
[WhiteElo "2555"]
[BlackElo "2600"]
[PlyCount "49"]
[EventDate "1999.10.09"]
[EventType "team"]
[EventRounds "15"]
[EventCountry "GER"]
[SourceTitle "Bundesliga 9900"]
[Source "DeepChess"]
[SourceDate "2005.01.01"]
[SourceVersion "1"]
[SourceVersionDate "2005.01.01"]
[SourceQuality "1"]
[WhiteTeam "Delmenhorster SK 1931"]
[BlackTeam "SF Neukoelln 03 e.V."]
[WhiteTeamCountry "GER"]
[BlackTeamCountry "GER"]

1. Nf3 Nf6 2. c4 b6 3. Nc3 Bb7 4. d4 e6 5. a3 d5 6. cxd5 Nxd5 7. Qc2 Be7 8. Bd2
O-O 9. e4 Nxc3 10. Bxc3 c5 11. dxc5 bxc5 12. Rd1 Qc7 13. Bd3 Nd7 14. O-O Rfd8
15. Qe2 Bf6 16. Rc1 Qb6 17. Rfe1 Bd4 18. e5 Bxc3 19. Bxh7+ Kxh7 20. Ng5+ Kg8
21. Qh5 Nxe5 22. Rxe5 Bxe5 23. Qxf7+ Kh8 24. Qh5+ Kg8 25. Qf7+ 1/2-1/2

[Event "Bundesliga 9900"]
[Site "Deutschland"]
[Date "1999.10.10"]
[Round "2.4"]
[White "Berndt, Stephan"]
[Black "Gisbrecht, Ewgeni"]
[Result "0-1"]
[WhiteElo "2500"]
[BlackElo "2422"]
[PlyCount "92"]
[EventDate "1999.10.09"]
[EventType "team"]
[EventRounds "15"]
[EventCountry "GER"]
[SourceTitle "Bundesliga 9900"]
[Source "DeepChess"]
[SourceDate "2005.01.01"]
[SourceVersion "1"]
[SourceVersionDate "2005.01.01"]
[SourceQuality "1"]
[WhiteTeam "SF Neukoelln 03 e.V."]
[BlackTeam "Delmenhorster SK 1931"]
[WhiteTeamCountry "GER"]
[BlackTeamCountry "GER"]

1. e4 c5 2. Nf3 Nf6 3. e5 Nd5 4. Nc3 Nxc3 5. dxc3 Nc6 6. Bf4 e6 7. Qd2 h6 8. h4
Qc7 9. O-O-O b6 10. Bd3 Bb7 11. Be4 O-O-O 12. c4 Na5 13. Bxb7+ Nxb7 14. Qc3 Be7
15. h5 Rhg8 16. Rhe1 Qc6 17. g4 g5 18. Bg3 Rgf8 19. Kb1 Qa4 20. b3 Qa3 21. Rd2
Na5 22. Red1 Nc6 23. Qe3 a5 24. Qe4 Kc7 25. Ne1 a4 26. Nd3 Nd4 27. Nc1 axb3 28.
Nxb3 Ra8 29. c3 Ra4 30. cxd4 Rxc4 31. Rc2 Rxc2 32. Qxc2 Rc8 33. dxc5 bxc5 34.
Qd3 Qa4 35. Rc1 Kd8 36. Qc4 Qc6 37. Rc2 Qf3 38. Rd2 Rb8 39. Kc2 Rb4 40. Qe2 Qc6
41. f3 c4 42. Kb1 cxb3 43. Rb2 bxa2+ 44. Kxa2 Ra4+ 45. Kb1 Ba3 46. Rb8+ Kc7 0-1

[Event "Bundesliga 9900"]
[Site "Deutschland"]
[Date "1999.10.10"]
[Round "2.5"]
[White "Lauber, Arnd"]
[Black "Poldauf, Dirk"]
[Result "1/2-1/2"]
[WhiteElo "2416"]
[BlackElo "2453"]
[PlyCount "93"]
[EventDate "1999.10.09"]
[EventType "team"]
[EventRounds "15"]
[EventCountry "GER"]
[SourceTitle "Bundesliga 9900"]
[Source "DeepChess"]
[SourceDate "2005.01.01"]
[SourceVersion "1"]
[SourceVersionDate "2005.01.01"]
[SourceQuality "1"]
[WhiteTeam "Delmenhorster SK 1931"]
[BlackTeam "SF Neukoelln 03 e.V."]
[WhiteTeamCountry "GER"]
[BlackTeamCountry "GER"]

1. d4 Nf6 2. c4 g6 3. Nc3 Bg7 4. e4 d6 5. Nf3 O-O 6. Be2 e5 7. O-O Na6 8. Re1
c6 9. Bf1 Bg4 10. d5 Ne8 11. h3 Bd7 12. Bg5 f6 13. Bh4 c5 14. Be2 Bh6 15. Nh2
Qc8 16. Rf1 Kh8 17. Bg3 f5 18. exf5 gxf5 19. f4 e4 20. Bh4 Nac7 21. Qd2 a6 22.
a4 b6 23. g4 Rb8 24. gxf5 Bxf5 25. Bg4 b5 26. axb5 axb5 27. Nxe4 Bg7 28. cxb5
Rxb5 29. Nc3 Rb4 30. Rae1 Nf6 31. Re7 Nxg4 32. hxg4 Bd4+ 33. Kh1 Bxg4 34. f5
Bxf5 35. Qh6 Rb8 36. Qxd6 Ne8 37. Rxh7+ Kxh7 38. Qxf8 Ng7 39. Qxc8 Rxc8 40. Nf3
Bxc3 41. bxc3 Be4 42. d6 Rf8 43. d7 Rxf3 44. Rxf3 Bxf3+ 45. Kg1 Ne6 46. d8=Q
Nxd8 47. Bxd8 1/2-1/2

[Event "Bundesliga 9900"]
[Site "Deutschland"]
[Date "1999.10.10"]
[Round "2.7"]
[White "Breutigam, Martin"]
[Black "Polzin, Rainer"]
[Result "1/2-1/2"]
[WhiteElo "2343"]
[BlackElo "2475"]
[PlyCount "84"]
[EventDate "1999.10.09"]
[EventType "team"]
[EventRounds "15"]
[EventCountry "GER"]
[SourceTitle "Bundesliga 9900"]
[Source "DeepChess"]
[SourceDate "2005.01.01"]
[SourceVersion "1"]
[SourceVersionDate "2005.01.01"]
[SourceQuality "1"]
[WhiteTeam "Delmenhorster SK 1931"]
[BlackTeam "SF Neukoelln 03 e.V."]
[WhiteTeamCountry "GER"]
[BlackTeamCountry "GER"]

1. d4 Nf6 2. c4 g6 3. Nc3 Bg7 4. e4 d6 5. Nf3 O-O 6. h3 Na6 7. Bg5 h6 8. Be3 e5
9. d5 Nc5 10. Nd2 a5 11. a3 Ne8 12. b4 Nd7 13. g4 f5 14. gxf5 gxf5 15. exf5
Ndf6 16. Rg1 Kh8 17. Bd3 e4 18. Be2 Bxf5 19. Nb3 axb4 20. axb4 Rxa1 21. Qxa1
Nd7 22. Nd4 Ne5 23. Nxf5 Rxf5 24. Qc1 Qh4 25. Nb5 Rf3 26. Nd4 Rxh3 27. Nf5 Qf6
28. Nxg7 Nxg7 29. Qa3 Kh7 30. Qa7 Nd3+ 31. Bxd3 exd3 32. Qa3 d2+ 33. Ke2 Qf3+
34. Kxd2 Qxf2+ 35. Bxf2 Rxa3 36. Bd4 Nf5 37. Bc3 Ra8 38. Rf1 Rf8 39. c5 Kg6 40.
Kd3 dxc5 41. bxc5 Rd8 42. Rg1+ Kf7 1/2-1/2

[Event "Bundesliga 9900"]
[Site "Deutschland"]
[Date "1999.10.10"]
[Round "2.8"]
[White "Thiede, Lars"]
[Black "Wesseln, Kai"]
[Result "1/2-1/2"]
[WhiteElo "2386"]
[BlackElo "2356"]
[PlyCount "86"]
[EventDate "1999.10.09"]
[EventType "team"]
[EventRounds "15"]
[EventCountry "GER"]
[SourceTitle "Bundesliga 9900"]
[Source "DeepChess"]
[SourceDate "2005.01.01"]
[SourceVersion "1"]
[SourceVersionDate "2005.01.01"]
[SourceQuality "1"]
[WhiteTeam "SF Neukoelln 03 e.V."]
[BlackTeam "Delmenhorster SK 1931"]
[WhiteTeamCountry "GER"]
[BlackTeamCountry "GER"]

1. g3 g6 2. Bg2 Bg7 3. c4 c5 4. Nc3 Nf6 5. Nf3 Nc6 6. O-O O-O 7. d3 d6 8. a3
Ne8 9. Rb1 a5 10. Bd2 Nc7 11. Ne1 Bd7 12. Nc2 Rb8 13. Nb5 Nxb5 14. cxb5 Na7 15.
a4 b6 16. Bc3 e5 17. e3 Nc8 18. d4 Ne7 19. Qe2 Qc7 20. Rfd1 Be6 21. d5 Bd7 22.
e4 Rbe8 23. f4 Nc8 24. fxe5 Bxe5 25. Bxe5 Rxe5 26. Ne3 Qd8 27. Qd2 f5 28. exf5
Bxf5 29. Nxf5 Rexf5 30. Bh3 Rf2 31. Be6+ Kg7 32. Qxf2 Rxf2 33. Kxf2 Qf6+ 34.
Kg2 Ne7 35. Rf1 Nf5 36. Bxf5 gxf5 37. Rbe1 Qxb2+ 38. Kh3 Qd2 39. Re7+ Kf6 40.
Re6+ Kg5 41. Rxd6 c4 42. Rxb6 Qe2 43. Rf4 Qh5+ 1/2-1/2

[Event "Bundesliga 9900"]
[Site "Deutschland"]
[Date "1999.10.10"]
[Round "2.1"]
[White "Lutz, Christopher"]
[Black "Tischbierek, Raj"]
[Result "1-0"]
[WhiteElo "2591"]
[BlackElo "2544"]
[PlyCount "97"]
[EventDate "1999.10.09"]
[EventType "team"]
[EventRounds "15"]
[EventCountry "GER"]
[SourceTitle "Bundesliga 9900"]
[Source "DeepChess"]
[SourceDate "2005.01.01"]
[SourceVersion "1"]
[SourceVersionDate "2005.01.01"]
[SourceQuality "1"]
[WhiteTeam "SG Porz e.V."]
[BlackTeam "Dresdner SC 1898"]
[WhiteTeamCountry "GER"]
[BlackTeamCountry "GER"]

1. e4 Nf6 2. e5 Nd5 3. d4 d6 4. Nf3 dxe5 5. Nxe5 Nd7 6. Nf3 e6 7. c4 N5f6 8.
Nc3 c5 9. Be2 cxd4 10. Nxd4 Be7 11. O-O O-O 12. Be3 a6 13. Qa4 Ne5 14. h3 Qc7
15. Rac1 Bd7 16. Qb3 Nc6 17. Nf3 Rac8 18. Rfd1 Na5 19. Qb6 Qxb6 20. Bxb6 Nc6
21. a3 Bd8 22. Bc5 Re8 23. b4 Bc7 24. Nd2 Ne7 25. Nb3 Rcd8 26. Bf3 Bc6 27. Rxd8
Bxd8 28. Bxe7 Bxe7 29. Bxc6 bxc6 30. Na4 Ra8 31. Nb6 Rb8 32. c5 Bd8 33. Na5
Bxb6 34. cxb6 Rxb6 35. Rxc6 Rxc6 36. Nxc6 Nd5 37. Kf1 Kf8 38. Ke2 Ke8 39. Nb8
Nc7 40. Kd3 Kd8 41. Kc4 Kc8 42. Nc6 Nd5 43. g3 Kc7 44. Ne5 Nb6+ 45. Kc3 f6 46.
Nd3 Nd5+ 47. Kb3 Kd6 48. Nc5 Nc7 49. Ka4 1-0

[Event "Bundesliga 9900"]
[Site "Deutschland"]
[Date "1999.10.10"]
[Round "2.7"]
[White "Bacrot, Etienne"]
[Black "Heinatz, Thomas"]
[Result "1-0"]
[WhiteElo "2592"]
[BlackElo "2349"]
[PlyCount "45"]
[EventDate "1999.10.09"]
[EventType "team"]
[EventRounds "15"]
[EventCountry "GER"]
[SourceTitle "Bundesliga 9900"]
[Source "DeepChess"]
[SourceDate "2005.01.01"]
[SourceVersion "1"]
[SourceVersionDate "2005.01.01"]
[SourceQuality "1"]
[WhiteTeam "SG Porz e.V."]
[BlackTeam "Dresdner SC 1898"]
[WhiteTeamCountry "GER"]
[BlackTeamCountry "GER"]

1. d4 Nf6 2. c4 c5 3. d5 e5 4. Nc3 d6 5. e4 Be7 6. Nge2 Nh5 7. Ng3 Nxg3 8. hxg3
Bg5 9. f4 exf4 10. gxf4 Bh4+ 11. Kd2 Bf6 12. Bd3 Na6 13. a3 Bd7 14. e5 dxe5 15.
Re1 Bh4 16. Rxe5+ Kf8 17. Kc2 Qb6 18. b3 Bf6 19. Bb2 Bxe5 20. fxe5 h5 21. Qf3
Nc7 22. Rf1 Be8 23. Na4 1-0

[Event "Bundesliga 9900"]
[Site "Deutschland"]
[Date "1999.10.10"]
[Round "2.8"]
[White "Wegener, Dirk"]
[Black "Nijboer, Friso"]
[Result "1/2-1/2"]
[WhiteElo "2312"]
[BlackElo "2559"]
[PlyCount "115"]
[EventDate "1999.10.09"]
[EventType "team"]
[EventRounds "15"]
[EventCountry "GER"]
[SourceTitle "Bundesliga 9900"]
[Source "DeepChess"]
[SourceDate "2005.01.01"]
[SourceVersion "1"]
[SourceVersionDate "2005.01.01"]
[SourceQuality "1"]
[WhiteTeam "Dresdner SC 1898"]
[BlackTeam "SG Porz e.V."]
[WhiteTeamCountry "GER"]
[BlackTeamCountry "GER"]

1. e4 e6 2. d4 d5 3. Nc3 Bb4 4. e5 c5 5. a3 Ba5 6. Bd2 Nc6 7. Nb5 Nxd4 8. Bxa5
Qxa5+ 9. b4 Qb6 10. Nxd4 cxd4 11. Nf3 Ne7 12. Qxd4 Qxd4 13. Nxd4 Ng6 14. Nf3
Bd7 15. Bd3 f6 16. Bxg6+ hxg6 17. Kd2 g5 18. h3 Rc8 19. Rhe1 Rc4 20. Re3 Kf7
21. c3 Rf4 22. Rae1 Rh5 23. a4 g4 24. hxg4 Rxg4 25. g3 a5 26. Rb1 axb4 27. Rxb4
Rxb4 28. cxb4 Bxa4 29. Rc3 fxe5 30. g4 Rh1 31. Nxe5+ Kf6 32. Nd3 Bb5 33. Rc7 b6
34. Nf4 Rf1 35. Rb7 g5 36. Nxd5+ exd5 37. Rxb6+ Ke5 38. Rxb5 Rxf2+ 39. Ke3 Rf4
40. Rb8 Rxg4 41. Re8+ Kd6 42. Rg8 Re4+ 43. Kd3 g4 44. b5 Kc5 45. Rg5 Rd4+ 46.
Kc3 Rc4+ 47. Kd3 Rb4 48. b6 g3 49. Kc2 Rxb6 50. Rxg3 Ra6 51. Rg4 Rh6 52. Kd3
Rh3+ 53. Kd2 Kd6 54. Ra4 Ke5 55. Rb4 Rh2+ 56. Kd3 Rh1 57. Kd2 d4 58. Rb8
1/2-1/2

[Event "Bundesliga 9900"]
[Site "Deutschland"]
[Date "1999.10.10"]
[Round "2.3"]
[White "Gurevich, Mikhail"]
[Black "Bareev, Evgeny"]
[Result "1/2-1/2"]
[WhiteElo "2643"]
[BlackElo "2698"]
[PlyCount "47"]
[EventDate "1999.10.09"]
[EventType "team"]
[EventRounds "15"]
[EventCountry "GER"]
[SourceTitle "Bundesliga 9900"]
[Source "DeepChess"]
[SourceDate "2005.01.01"]
[SourceVersion "1"]
[SourceVersionDate "2005.01.01"]
[SourceQuality "1"]
[WhiteTeam "Godesberger SK 1929"]
[BlackTeam "Luebecker SV von 1873 "]
[WhiteTeamCountry "GER"]
[BlackTeamCountry "GER"]

1. c4 e5 2. Nc3 Nf6 3. Nf3 Nc6 4. e3 Bb4 5. Qc2 Bxc3 6. Qxc3 Qe7 7. a3 d5 8. d4
exd4 9. Nxd4 Nxd4 10. Qxd4 c5 11. Qh4 Bd7 12. cxd5 Nxd5 13. Qxe7+ Kxe7 14. e4
Nc7 15. Be3 b6 16. O-O-O Rad8 17. Be2 Bb5 18. Bxb5 Nxb5 19. Kc2 Ke6 20. a4 Nd6
21. f3 Rd7 22. b3 Rhd8 23. Rd2 Nb7 24. Rhd1 1/2-1/2

[Event "Bundesliga 9900"]
[Site "Deutschland"]
[Date "1999.10.10"]
[Round "2.6"]
[White "Hansen, Lars Bo"]
[Black "Kveinys, Aloyzas"]
[Result "1/2-1/2"]
[WhiteElo "2564"]
[BlackElo "2515"]
[PlyCount "104"]
[EventDate "1999.10.09"]
[EventType "team"]
[EventRounds "15"]
[EventCountry "GER"]
[SourceTitle "Bundesliga 9900"]
[Source "DeepChess"]
[SourceDate "2005.01.01"]
[SourceVersion "1"]
[SourceVersionDate "2005.01.01"]
[SourceQuality "1"]
[WhiteTeam "Luebecker SV von 1873 "]
[BlackTeam "Godesberger SK 1929"]
[WhiteTeamCountry "GER"]
[BlackTeamCountry "GER"]

1. d4 Nf6 2. Nf3 d5 3. c4 e6 4. g3 dxc4 5. Qa4+ Bd7 6. Qxc4 Bc6 7. Bg2 Bd5 8.
Qd3 Be4 9. Qd1 c5 10. Nc3 Bc6 11. O-O Nbd7 12. Qd3 cxd4 13. Nxd4 Bxg2 14. Kxg2
Be7 15. Rd1 O-O 16. e4 Qb6 17. Qe2 Bb4 18. Ndb5 a6 19. Be3 Qa5 20. a3 Bxc3 21.
Nxc3 Rac8 22. Rd6 Qc7 23. Rad1 Ne5 24. Bf4 Ng6 25. Bg5 Rfd8 26. Rxd8+ Rxd8 27.
Rxd8+ Qxd8 28. e5 h6 29. Bxf6 gxf6 30. exf6 Qxf6 31. Qe4 Qe7 32. Qd4 Qg5 33.
Ne4 Qb5 34. b4 Qc6 35. f3 Qc2+ 36. Nf2 Qa2 37. Qd8+ Kg7 38. Qd4+ Kg8 39. Qd7
Ne5 40. Qc8+ Kg7 41. Qc3 f6 42. Qc7+ Nf7 43. Qxb7 Qxa3 44. h4 Qa2 45. Qe4 f5
46. Qd4+ e5 47. Qb6 Qc4 48. Qb7 Qb5 49. Qe7 Qc6 50. g4 fxg4 51. Nxg4 Qc2+ 52.
Nf2 Qg6+ 1/2-1/2

[Event "Bundesliga 9900"]
[Site "Deutschland"]
[Date "1999.10.10"]
[Round "2.8"]
[White "Sieg, Ulrich"]
[Black "Schmidt, Bodo"]
[Result "1/2-1/2"]
[WhiteElo "2304"]
[BlackElo "2384"]
[PlyCount "47"]
[EventDate "1999.10.09"]
[EventType "team"]
[EventRounds "15"]
[EventCountry "GER"]
[SourceTitle "Bundesliga 9900"]
[Source "DeepChess"]
[SourceDate "2005.01.01"]
[SourceVersion "1"]
[SourceVersionDate "2005.01.01"]
[SourceQuality "1"]
[WhiteTeam "Luebecker SV von 1873 "]
[BlackTeam "Godesberger SK 1929"]
[WhiteTeamCountry "GER"]
[BlackTeamCountry "GER"]

1. Nf3 d5 2. c4 c6 3. cxd5 cxd5 4. d4 Nf6 5. Nc3 Nc6 6. Bf4 Bf5 7. e3 e6 8. Ne5
Nxe5 9. Bxe5 a6 10. Bd3 Bxd3 11. Qxd3 Be7 12. O-O O-O 13. Rfc1 Qd7 14. Rc2 Rac8
15. Rac1 Rc6 16. Na4 Rfc8 17. Nc5 Bxc5 18. dxc5 Ne4 19. b4 f6 20. Bd4 R6c7 21.
f3 Ng5 22. Qb3 Nf7 23. a4 Qe7 24. e4 1/2-1/2

[Event "Bundesliga 9900"]
[Site "Deutschland"]
[Date "1999.10.10"]
[Round "2.1"]
[White "Rozentalis, Eduardas"]
[Black "Ftacnik, Lubomir"]
[Result "1/2-1/2"]
[WhiteElo "2586"]
[BlackElo "2589"]
[PlyCount "164"]
[EventDate "1999.10.09"]
[EventType "team"]
[EventRounds "15"]
[EventCountry "GER"]
[SourceTitle "Bundesliga 9900"]
[Source "DeepChess"]
[SourceDate "2005.01.01"]
[SourceVersion "1"]
[SourceVersionDate "2005.01.01"]
[SourceQuality "1"]
[WhiteTeam "SV Castrop Rauxel 1923"]
[BlackTeam "Hamburger SK 1830 e.V."]
[WhiteTeamCountry "GER"]
[BlackTeamCountry "GER"]

1. d4 Nf6 2. Nf3 g6 3. Bg5 Bg7 4. Nbd2 d5 5. e3 O-O 6. Be2 c5 7. c3 Qb6 8. Qb3
Nc6 9. O-O Bf5 10. Qxb6 axb6 11. h3 Rfc8 12. a3 h6 13. Bf4 Nd7 14. g4 Be6 15.
Bd3 Rf8 16. Kg2 f5 17. g5 h5 18. Rad1 Bf7 19. Rfe1 Rfd8 20. Bg3 Kf8 21. Bf1
Rac8 22. Kg1 Kg8 23. Bg2 Kf8 24. Re2 Bh8 25. Nb3 e5 26. Red2 cxd4 27. cxd4 e4
28. Nh4 Ke7 29. Nc1 Nf8 30. Ne2 Ne6 31. Nf4 Nxf4 32. Bxf4 Na5 33. f3 Rc6 34.
Bf1 Rdc8 35. b4 Nc4 36. b5 Re6 37. Rc2 Kd8 38. Rdc1 Re8 39. fxe4 fxe4 40. a4
Kd7 41. Rf2 Ke7 42. Be2 Rg8 43. Kh2 Be6 44. Bxc4 dxc4 45. Be5 Bxe5+ 46. dxe5
Rcf8 47. Rd2 Rd8 48. Rxd8 Kxd8 49. Ng2 Ke7 50. Nf4 Bf7 51. Kg3 Ra8 52. e6 Bxe6
53. Nxg6+ Kd6 54. Nf4 Bf7 55. Rd1+ Kc5 56. Rd7 Bg8 57. Nxh5 c3 58. Nf6 Kb4 59.
Nxg8 Rxg8 60. Kg4 Rc8 61. Rd1 c2 62. Rh1 Kc3 63. h4 Kd3 64. h5 Kxe3 65. h6 Kd2
66. h7 e3 67. g6 e2 68. g7 c1=Q 69. Rxc1 Kxc1 70. g8=Q Rxg8+ 71. hxg8=Q e1=Q
72. Qc8+ Kb2 73. Qxb7 Qb4+ 74. Kf5 Qc5+ 75. Ke6 Kb3 76. a5 Qe3+ 77. Kd7 bxa5
78. Qc6 Qd4+ 79. Ke6 Qg4+ 80. Kd6 a4 81. b6 Qg6+ 82. Kc5 Qxc6+ 1/2-1/2

[Event "Bundesliga 9900"]
[Site "Deutschland"]
[Date "1999.10.10"]
[Round "2.2"]
[White "Kempinski, Robert"]
[Black "Van der Sterren, Paul"]
[Result "1/2-1/2"]
[WhiteElo "2549"]
[BlackElo "2535"]
[PlyCount "71"]
[EventDate "1999.10.09"]
[EventType "team"]
[EventRounds "15"]
[EventCountry "GER"]
[SourceTitle "Bundesliga 9900"]
[Source "DeepChess"]
[SourceDate "2005.01.01"]
[SourceVersion "1"]
[SourceVersionDate "2005.01.01"]
[SourceQuality "1"]
[WhiteTeam "Hamburger SK 1830 e.V."]
[BlackTeam "SV Castrop Rauxel 1923"]
[WhiteTeamCountry "GER"]
[BlackTeamCountry "GER"]

1. d4 d5 2. c4 e6 3. Nc3 Nf6 4. Nf3 c5 5. cxd5 Nxd5 6. e3 cxd4 7. exd4 Bb4 8.
Bd2 Nc6 9. Bd3 Be7 10. O-O O-O 11. Qe2 Bf6 12. Qe4 g6 13. Bh6 Re8 14. Bb5 Nxc3
15. bxc3 Bd7 16. Rfd1 Qc7 17. Rac1 Rad8 18. Ng5 Ne7 19. Bxd7 Qxd7 20. Qf3 Nf5
21. Ne4 Be7 22. Bf4 f6 23. Qe2 Kg7 24. g4 g5 25. Bg3 Nh6 26. h4 gxh4 27. Bxh4
Rg8 28. Kf1 Kf7 29. f3 f5 30. Nc5 Qc6 31. Nd3 Nxg4 32. Bxe7 Kxe7 33. fxg4 Rxg4
34. Nf2 Qg2+ 35. Ke1 Rf4 36. Qf1 1/2-1/2